000 00995nam a2200253Ia 4500
003 OSt
005 20210525192652.0
008 210310s2011 ck gr 000 0 spa d
020 _a9789589136539
040 _aCO-JMCR
_cCO-JMCR
041 0 _aspa
082 0 4 _a331 /
_bS348h
_223
100 1 _aSilva Colmenares, Julio,
_eautor
_91601
245 0 _aDel hacha al microchip :
_bhacia una civilización planetaria /
_cJulio Silva Colmenares
250 _aPrimera edición
260 _aBogotá :
_bAurora,
_c2011.
300 _a223 páginas ;
_c21 cm.
490 0 _aLa aventura del desarrollo humano ;
_v1
500 0 _aDatos biográficos del autor en solapa frontal.
505 0 _aDe la explosión inicial a la revolución agrícola. -- La revolución agrícola a la revolución industrial. --De la revolución industrial a nuestros días. -- Globalización: un proceso de siglos.
650 1 4 _aRevolución agrícola.
_937896
650 2 4 _aEconomía agrícola
_937897
942 _2ddc
_cBK
999 _c11779
_d11779